00329nam a2200121Ia 4500008004100000041000800041082001700049100001500066245004400081260004200125300003100167365000900198240624s9999 xx 000 0 und d aeng a658.4092 HEA aHEALEY JOE aRADICAL TRUST HOW TODAY S GREAT LEADERS c2007aNew JerseybJohn Wiley and Sons axvi, : 224 : p. : cm. ; 24 cb28